Family Planning Perspectives

محفوظ في:

التنسيق: دورية

اللغة: Undetermined

منشور في: JSTOR
Guttmacher Institute

الموضوعات:

الوصول للمادة أونلاين: Login to view Source

الوسوم: إضافة وسم

لا توجد وسوم, كن أول من يضع وسما على هذه التسجيلة!

رقم الطلب:

LEADER 00509nas a2200169Ia 4500
008 220214c99999999xx |||||||||||| ||und||
022 |a 0014-7354 
022 |a 2325-5617 
245 0 0 |a Family Planning Perspectives 
264 1 |b JSTOR 
264 1 |b Guttmacher Institute 
362 0 |a Vol. 1(1969)-33 (2001) 
653 1 0 |a Social Sciences 
856 4 0 |u https://www.jstor.org/journal/famiplanpers 
942 |c JL 
952 |0 0  |1 0  |4 0  |7 1  |9 34934  |a JSR  |b JSR  |d 2022-02-14  |l 0  |r 2022-02-14 00:00:00  |w 2022-02-14  |y JL 
999 |c 43267  |d 43267